Szczegóły MARC21

Analysing English as a lingua franca : a corpus-driven investigation /

003 -Nazwa inst., której nr kontr. jest w polu 001 [,]
    • @
    • Nazwa instytucji, której n kontrolny jest w polu 001
    • NUKAT
005 -DATA I CZAS OSTATNIEJ MODYFIKACJI [,]
    • @
    • pole kontrolne
    • 20241231115542.0
020 -Międzynarod. znormalizowany nr książki - ISBN [ , ]
    • a
    • Numer ISBN
    • 9781441137258 Find
020 -Międzynarod. znormalizowany nr książki - ISBN [ , ]
    • a
    • Numer ISBN
    • 9781441158376 Find
040 -Instytucja sporządzająca opis [ , ]
    • a
    • Instytucja, która sporządziła opis (NP)
    • KIEL 010/TC
    • c
    • Instytucja, która sporządziła rekord (NP)
    • KIEL 010/TC
    • d
    • Instytucja, która zmodyfikowała rekord (P)
    • KIEL 010/TC
    • d
    • Instytucja, która zmodyfikowała rekord (P)
    • KIEL 010/JRs
044 -Kraj miejsca wydania [ , ]
    • a
    • Kraj miejsca wydania
    • Wielka Brytania po 1988
    • a
    • Kraj miejsca wydania
    • Stany Zjednoczone po 1988
942 -Rodzaj dokumentu [ , ]
    • c
    • Rodzaj dokumentu
    • Książka
100 -Hasło główne - nazwa osobowa [1, ]
    • a
    • Nazwa osobowa (NP)
    • Cogo, Alessia.
    • 9
    • KHW
    • 92891
245 -Strefa tytułu i oznaczenia odpowiedzialności [1,0]
    • a
    • Tytuł
    • Analysing English as a lingua franca : Find
    • b
    • Ciąg dalszy tytułu (NP)
    • a corpus-driven investigation / Find
    • c
    • Pozostałe elementy strefy tytułu i oznaczenia odpowiedzialności (NP)
    • Alessia Cogo and Martin Dewey.
260 -Strefa adresu wydawniczego [ , ]
    • a
    • Miejsce wydania (P)
    • London ;
    • a
    • Miejsce wydania (P)
    • New York :
    • b
    • Nazwa wydawcy (P)
    • Continuum International Publishing Group,
    • c
    • Data wydania (P)
    • 2012.
300 -Strefa opisu fizycznego [ , ]
    • a
    • Określenie formy książki i/lub objętość (NP)
    • VI, 207 s. ;
    • c
    • Format (NP)
    • 24 cm.
336 -Typ zawartości [ , ]
    • a
    • Termin opisujący typ zawartości
    • Tekst
    • b
    • Kod określający zawartość
    • txt
    • 2
    • Źródło (terminu i kodu)
    • rdacontent
337 -Typ mediów [ , ]
    • a
    • Tryb odtwarzania
    • Bez urządzenia pośredniczącego
    • b
    • Kod typu mediów
    • n
    • 2
    • Źródło (terminu i kodu)
    • rdamedia
338 -Typ/rodzaj nośnika [ , ]
    • a
    • Hasło opisujące typ nośnika
    • Wolumin
    • b
    • Kod typu nośnika
    • nc
    • 2
    • Źródło (terminu i kodu)
    • rdacarrier
504 -Uwaga dot. bibliogr. załącznikowej [ , ]
    • a
    • Uwaga dot. bibliografii załącznikowej
    • Bibliogr. s. 191-202. Indeksy.
080 -Uniwersalna Klasyfikacja Dziesiętna [ , ]
    • 2
    • Identyfikator wydania tablic
    • UDC-P058
    • 9
    • UKD
    • 6446
    • a
    • Symbol klasyfikacji
    • 811.111
    • b
    • Dopowiedzenie
    • Język angielski.
    • 4
    • UKD2
    • 8143
    • x
    • Poddział wspólny
    • (100)
    • c
    • Dopowiedzenie poddz. wspólnego
    • (Aspekt międzynarodowy. Wszystkie kraje. Świat).
    • 4
    • UKD2
    • 7644
    • x
    • Poddział wspólny
    • =111
    • c
    • Dopowiedzenie poddz. wspólnego
    • =Język angielski.
080 -Uniwersalna Klasyfikacja Dziesiętna [ , ]
    • 2
    • Identyfikator wydania tablic
    • UDC-P058
    • 9
    • UKD
    • 2834
    • a
    • Symbol klasyfikacji
    • 316.77
    • b
    • Dopowiedzenie
    • Socjologia komunikowania. Komunikacja społeczna. Wpływ środków masowego przekazu, decydentów, cenzury. Sprzężenie zwrotne komunikowania. Kultura audiowizualna.
    • 4
    • UKD2
    • 7644
    • x
    • Poddział wspólny
    • =111
    • c
    • Dopowiedzenie poddz. wspólnego
    • =Język angielski.
650 -Hasło przedmiotowe [ ,7]
    • a
    • Hasło przedmiotowe
    • Język angielski
    • x
    • Określnik rzeczowy
    • odmiany języka
    • z
    • Określnik geograficzny
    • Kraje języka angielskiego.
    • 2
    • Źródło terminu
    • kaba
    • 9
    • KHW
    • 389765
650 -Hasło przedmiotowe [ ,7]
    • a
    • Hasło przedmiotowe
    • Język angielski
    • x
    • Określnik rzeczowy
    • odmiany języka
    • z
    • Określnik geograficzny
    • za granicą.
    • 2
    • Źródło terminu
    • kaba
    • 9
    • KHW
    • 389764
650 -Hasło przedmiotowe [ ,7]
    • a
    • Hasło przedmiotowe
    • Komunikacja międzykulturowa.
    • 2
    • Źródło terminu
    • kaba
    • 9
    • KHW
    • 114883
980 -Symbol UKD [ , ]
    • a
    • UKD
    • 811.111(100):316.77]=111
700 -Hasło dodatkowe - nazwa osobowa [1, ]
    • a
    • Nazwa osobowa (NP)
    • Dewey, Martin. Find
    • 9
    • KHW
    • 92890
920 -ISBN [ , ]
    • a
    • ISBN
    • 978-1-4411-3725-8 Find
920 -ISBN [ , ]
    • a
    • ISBN
    • 978-1-4411-5837-6 Find
Numer inwentarzowy Status udost. Data inwentaryzacji Lokalizacja Sygnatura
P.2524612016-02-04BMANG. Odmiany jęz. ang. 25